Loading...
| Fine Arts - Classical Music | 6 | 6.67 | 1,883% | 0% | 300% |
| Fine Arts - Other | 4 | 10.00 | 2,025% | 375% | 225% |
| Fine Arts - Painting & Sculpture | 3 | 6.67 | 0% | 0% | 500% |
| History - American | 7 | 7.14 | 0% | 229% | 357% |
| History - European | 9 | 10.00 | 1,989% | 356% | 167% |
| History - Other | 4 | 12.50 | 1,600% | 375% | 425% |
| History - World | 6 | 10.00 | 2,417% | 383% | 133% |
| Literature - American | 8 | 7.50 | 3,250% | 113% | 113% |
| Literature - British | 3 | 10.00 | 0% | 600% | 267% |
| Literature - European | 6 | 10.00 | 1,350% | 417% | 283% |
| Literature - World | 6 | 11.67 | 2,483% | 133% | 383% |
| Mythology | 5 | 12.00 | 1,280% | 140% | 600% |
| Other | 7 | 14.29 | 4,171% | 343% | 314% |
| Philosophy | 1 | 0.00 | 0% | 0% | 0% |
| Religion | 6 | 8.33 | 817% | 433% | 133% |
| Science - Biology | 6 | 11.67 | 0% | 367% | 533% |
| Science - Chemistry | 4 | 10.00 | 3,250% | 225% | 175% |
| Science - Other | 3 | 10.00 | 3,900% | 0% | 300% |
| Science - Physics | 6 | 10.00 | 3,233% | 150% | 267% |
| Social Science | 8 | 12.50 | 3,088% | 413% | 188% |